书目信息 |
| 题名: |
单复变函数
|
|
| 作者: | Conway, 著 | |
| 分册: | ||
| 出版信息: | 北京 世界图书出版公司 2004.11 |
|
| 页数: | xiii, 317页 | |
| 开本: | 23cm | |
| 丛书名: | 高等学校数学教材 | |
| 单 册: | ||
| 中图分类: | O174.51 | |
| 科图分类: | ||
| 主题词: | 单复变函数--高等学校--教材--英文 | |
| 电子资源: | ||
| ISBN: | 7-5062-7191-5 | |
| 000 | 01000nam 2200289 450 | |
| 001 | 0141561609 | |
| 005 | 20050408181151.78 | |
| 010 | @a7-5062-7191-5@dCNY45.00 | |
| 100 | @a20050402e2004 km y0chiy0120 ea | |
| 101 | 0 | @aeng |
| 102 | @aCN@b110000 | |
| 105 | @ay z 000yy | |
| 200 | 1 | @a单复变函数@Adan fu bian han shu@e英文本@d= Functions of One Complex Variable@fJohn B. Conway著@FJohn B.Conway zhu@zeng |
| 205 | @a第2版@b影印版 | |
| 210 | @a北京@c世界图书出版公司@d2004.11 | |
| 215 | @axiii, 317页@c图@d23cm | |
| 225 | 2 | @a高等学校数学教材 |
| 306 | @a世界图书出版公司北京公司已获得Springer-Verlag授权在中国大陆独家重印发行此书。 | |
| 320 | @a有书目和索引。 | |
| 330 | @a本书是一本关于单复变函数的英文学术书籍,供广大人员参考。 | |
| 410 | 0 | @12001 @a高等学校数学教材 |
| 510 | 1 | @aFunctions of One Complex Variable@zeng |
| 606 | 0 | @a单复变函数@x高等学校@x教材@x英文 |
| 690 | @aO174.51@v4 | |
| 701 | 1 | @aConway,@bJohn B.@4著 |
| 801 | 0 | @c20050408 |
| 905 | @a10447@dO174.51@eD173 | |
| 单复变函数:英文本= Functions of One Complex Variable/John B. Conway著.-第2版,影印版.-北京:世界图书出版公司,2004.11 |
| xiii, 317页:图;23cm.-(高等学校数学教材) |
| ISBN 7-5062-7191-5:CNY45.00 |
| 本书是一本关于单复变函数的英文学术书籍,供广大人员参考。 |
| ● |
| 相关链接 |
|
|
|
正题名:单复变函数
索取号:O174.51/D173
 
预约/预借
| 序号 | 登录号 | 条形码 | 馆藏地/架位号 | 状态 | 备注 |
| 1 | 520659 | 205206597 | 自科库401/401自科库 45排1列3层/ [索取号:O174.51/D173] | 在馆 |